000 01651cam a22004337a 4500
001 000093447
003 CHAP
005 20220329142936.0
008 050330d2005 mx ad r 00110 spa d
010 _a89913
011 _a90885
035 _a101442
040 _cCHAP
090 _aTesis
100 0 0 _aRomero Gómez, Guillermo.
_999589
245 1 0 _aEvaluación de diferentes formas de distribución de plantas de jitomate (Lycopersicon esculentum Mill.) en hidroponía bajo condiciones de invernadero /
_c/por Guillermo Romero Gómez.
260 _aChapingo, Méx. :
_bEl autor,
_c2005.
300 _a60 h. :
_bilus. ; gráfs. ; cuadros.
502 _aTesis (Ing. Agr. Esp. en Fitotecnia) -- UACH. Departamento de Fitotecnia
590 _aALEPH
_b10
_c20130110
_lUCH01
_h1505
590 _aBATCH-UPD
_b10
_c20130110
_lUCH01
_h0916
590 _aBATCH-UPD
_b10
_c20130410
_lUCH01
_h0540
590 _aBATCH-UPD
_b10
_c20130914
_lUCH01
_h1130
590 _aBATCH-UPD
_b10
_c20140324
_lUCH01
_h1450
590 _aBATCH-UPD
_b10
_c20141002
_lUCH01
_h0825
590 _aCONVERSION
_b10
_c20130109
_lUCH01
_h1350
590 _aE5765TAJ
_b10
_c20130613
_lUCH01
_h1222
650 1 4 _aCultivos en invernadero.
_930376
650 1 4 _aHidroponía.
_955280
650 1 4 _aTomate
_xRendimiento.
_9113761
650 1 4 _aTomate
_xVariedades.
_9113777
856 _3Finding aid
_uhttp://10.13.5.2/tesis/101442.pdf
_zTeclea aquí
901 _aBK
905 _aMarco A. Mendoza T.
942 _cCD
942 _n0
949 _aTesis
_bBC
_cTES
_d1014421
_eTS1
_gDonaciØn
_h43589
_i101442
_sb
949 _aTesis
_bBC
_cTES
_d33724000954236
_eTS2
_fc.2
_gDonaciØn
_h43590
_i101442
_si
999 _c89913
_d89913